[Event "Olympiad Women-45"]
[White "Jacobsen, Shanne Hedegaard"]
[Black "Ndirangu, Joyce Nyaruai"]
[Site "Budapest"]
[Round "9.2"]
[Result "0-1"]
[Date "2024.09.20"]
[WhiteElo "2002"]
[BlackElo "1782"]
[PlyCount "108"]
[EventDate "2024.09.11"]
[EventType "team-swiss"]
[EventRounds "11"]
[EventCountry "HUN"]
[SourceTitle "EXT 2025"]
[Source "ChessBase"]
[SourceDate "2024.10.14"]
[SourceVersion "1"]
[SourceVersionDate "2024.10.14"]
[SourceQuality "1"]
[WhiteTeam "Denmark (W)"]
[BlackTeam "Kenya (W)"]
[WhiteTeamCountry "DEN"]
[BlackTeamCountry "KEN"]

1. d4 Nf6 2. c4 g6 3. Nf3 Bg7 4. g3 c5 5. Bg2 0-0 6. 0-0 cxd4 7. Qxd4 Nc6 8. Qh4 Qb6 9. Nc3 Rd8 10. Nd5 Nxd5 11. cxd5 Nb4 12. Be3 Qd6 13. Ng5 h6 14. Ne4 Qxd5 15. Nc5 Qh5 16. Qxb4 Qxe2 17. Na4 d6 18. Nc3 Qa6 19. Nd5 Rd7 20. Rfc1 Qe2 21. Nc3 Qh5 22. Qf4 Qe5 23. Qc4 e6 24. Bf4 Qa5 25. Rab1 d5 26. Qe2 d4 27. b4 Qd8 28. Ne4 e5 29. Bd2 Re7 30. Nc5 Rb8 31. g4 b6 32. Ne4 Be6 33. f4 f5 34. gxf5 gxf5 35. Ng3 e4 36. Nxe4 fxe4 37. Qxe4 Bxa2 38. Qd3 b5 39. Ra1 Bf7 40. Rc5 Rb6 41. f5 a6 42. Rac1 Qd6 43. Rc6 Rxc6 44. Rxc6 Qe5 45. Rxa6 Bc4 46. Qf3 Rf7 47. Ra8+ Bf8 48. Bxh6 Qxf5 49. Qg3+ Kh7 50. h3 Kxh6 51. Qh4+ Kg7 52. Qxd4+ Qf6 53. Qg4+ Qg6 54. Qd4+ Kg8 0-1

[Event "Africa-ch Amateurs U2000"]
[White "Mugisha, Ivan Jalagatha"]
[Black "Ndirangu, Joyce Nyaruai"]
[Site "Bujumbura"]
[Round "8"]
[Result "0-1"]
[Date "2024.07.27"]
[WhiteElo "1898"]
[BlackElo "1815"]
[PlyCount "54"]
[EventDate "2024.07.23"]
[EventType "swiss"]
[EventRounds "9"]
[EventCountry "BRI"]
[SourceTitle "EXT 2025"]
[Source "ChessBase"]
[SourceDate "2024.10.14"]
[SourceVersion "1"]
[SourceVersionDate "2024.10.14"]
[SourceQuality "1"]

1. e4 c5 2. Nf3 g6 3. h4 Bg7 4. h5 d5 5. c3 Nc6 6. exd5 Qxd5 7. d4 cxd4 8. cxd4 Nxd4 9. Nxd4 Qxd4 10. Bb5+ Bd7 11. Qxd4 Bxd4 12. Bxd7+ Kxd7 13. Nc3 Nf6 14. Bf4 Bxc3+ 15. bxc3 Nxh5 16. 0-0-0+ Kc6 17. Be3 e5 18. Rh4 b5 19. Rdh1 f6 20. f3 f5 21. Bf2 Rad8 22. Re1 Rd5 23. Re2 a5 24. Rd2 Rhd8 25. Rxd5 Rxd5 26. c4 bxc4 27. Rxc4+ Kb7 0-1

[Event "KEN-ch (Women)"]
[White "Madelta, Glenda"]
[Black "Ndirangu, Joyce Nyaruai"]
[Site "Nairobi"]
[Round "9"]
[Result "0-1"]
[Date "2024.02.17"]
[WhiteElo "1522"]
[BlackElo "1797"]
[PlyCount "42"]
[EventDate "2024.02.09"]
[EventType "tourn"]
[EventRounds "11"]
[EventCountry "KEN"]
[SourceTitle "CBM 218 Extra"]
[Source "ChessBase"]
[SourceDate "2024.03.31"]
[SourceVersion "1"]
[SourceVersionDate "2024.03.31"]
[SourceQuality "1"]

1. d4 Nf6 2. Bf4 g6 3. Nc3 d5 4. Qd2 Bg7 5. Nf3 Ne4 6. Qe3 c6 7. 0-0-0 Qa5 8. Nxe4 dxe4 9. Ng5 Qxa2 10. c3 f5 11. Be5 Bxe5 12. dxe5 Be6 13. Qd4 Nd7 14. Qb4 0-0-0 15. c4 Bxc4 16. e3 Bb3 17. Bc4 Qa1+ 18. Kd2 Nxe5+ 19. Kc3 Bxd1 20. Be6+ Kb8 21. Rxd1 Qxd1 0-1

[Event "World-chT Rapid"]
[White "Peglau, Paul David"]
[Black "Ndirangu, Joyce Nyaruai"]
[Site "Duesseldorf"]
[Round "7.14"]
[Result "0-1"]
[Date "2023.08.27"]
[WhiteElo "1768"]
[BlackElo "1719"]
[PlyCount "82"]
[EventDate "2023.08.26"]
[EventType "team-swiss (rapid)"]
[EventRounds "12"]
[EventCountry "GER"]
[SourceTitle "CBM 215 Extra"]
[Source "ChessBase"]
[SourceDate "2023.09.30"]
[SourceVersion "1"]
[SourceVersionDate "2023.09.30"]
[SourceQuality "1"]
[WhiteTeam "Mitropa Chess Association"]
[BlackTeam "Kenya Commercial Bank"]
[WhiteTeamCountry "GER"]
[BlackTeamCountry "KEN"]

1. c4 Nf6 2. Nc3 d5 3. cxd5 Nxd5 4. g3 g6 5. Bg2 Nf6 6. Nf3 Bg7 7. 0-0 0-0 8. d3 c5 9. Bf4 Nc6 10. Qd2 Re8 11. Rac1 a6 12. Na4 Nd7 13. Nxc5 Nxc5 14. Rxc5 Qb6 15. Rc2 Nb4 16. Rc4 Nxa2 17. Ra1 Be6 18. Rxa2 Bxc4 19. dxc4 Qb3 20. Ra1 Rad8 21. Qe1 Bxb2 22. Rb1 Qc2 23. h3 a5 24. Bc7 Ra8 25. Qd1 Qxd1+ 26. Rxd1 a4 27. Be5 a3 28. Bxb2 axb2 29. Rb1 Ra1 30. Rf1 Rxf1+ 31. Bxf1 b1Q 32. Nd4 Ra8 33. Nf3 Ra1 34. Nh2 Qe4 35. c5 Qxe2 36. c6 bxc6 37. g4 Qe1 38. h4 Ra2 39. Nf3 Qxf2+ 40. Kh1 Qxf1+ 41. Ng1 Qg2# 0-1

[Event "World-chT Rapid"]
[White "Rennkamp, David"]
[Black "Ndirangu, Joyce Nyaruai"]
[Site "Duesseldorf"]
[Round "5.10"]
[Result "1-0"]
[Date "2023.08.27"]
[WhiteElo "1738"]
[BlackElo "1719"]
[PlyCount "137"]
[EventDate "2023.08.26"]
[EventType "team-swiss (rapid)"]
[EventRounds "12"]
[EventCountry "GER"]
[SourceTitle "CBM 215 Extra"]
[Source "ChessBase"]
[SourceDate "2023.09.30"]
[SourceVersion "1"]
[SourceVersionDate "2023.09.30"]
[SourceQuality "1"]
[WhiteTeam "Team Chessemy.com"]
[BlackTeam "Kenya Commercial Bank"]
[WhiteTeamCountry "GER"]
[BlackTeamCountry "KEN"]

1. e4 c5 2. Nc3 g6 3. g3 Bg7 4. Bg2 b6 5. d3 Bb7 6. f4 Nc6 7. Nf3 d6 8. 0-0 e6 9. Be3 Nge7 10. d4 0-0 11. Ne2 Qc7 12. c3 Rad8 13. Qc2 c4 14. g4 f5 15. Ng5 Qc8 16. gxf5 gxf5 17. e5 d5 18. Ng3 h6 19. Nh3 Kh7 20. Qe2 Rd7 21. Kf2 Qe8 22. Bf3 Ng6 23. Bh5 Qe7 24. Bxg6+ Kxg6 25. Qh5+ Kh7 26. Rg1 Kh8 27. Rg2 Qf7 28. Qf3 Rg8 29. Rag1 Bf8 30. Nh5 Rxg2+ 31. Rxg2 Be7 32. Rg7 Bh4+ 33. Ke2 Qe8 34. Rxd7 Qxd7 35. Bf2 Qe7 36. Bxh4 Qxh4 37. Nf6 Ne7 38. Qg3 Qxg3 39. hxg3 Bc6 40. Kf3 Kg7 41. g4 fxg4+ 42. Kxg4 Nf5 43. Kf3 b5 44. a3 Kg6 45. Ng1 a5 46. Ne2 Nh4+ 47. Kg3 Nf5+ 48. Kf3 Nh4+ 49. Ke3 Ng2+ 50. Kf2 Nh4 51. Ng3 Nf5 52. Kf3 Nh4+ 53. Kg4 Ng2 54. Kf3 Ne1+ 55. Ke3 Nd3 56. b4 a4 57. Nf1 Ne1 58. Nh2 Ng2+ 59. Kf3 Nh4+ 60. Ke3 Nf5+ 61. Kf2 h5 62. Nf3 h4 63. Ng5 Ng7 64. Kf3 Kf5 65. Nfh7 Be8 66. Nf8 Bh5+ 67. Ke3 Bg4 68. Nf7 h3 69. Nh6# 1-0

[Event "KEN-ch (Women)"]
[White "Ingado, Mercy"]
[Black "Ndirangu, Joyce Nyaruai"]
[Site "Nairobi"]
[Round "5"]
[Result "0-1"]
[Date "2022.12.28"]
[WhiteElo "1308"]
[BlackElo "1699"]
[PlyCount "64"]
[EventDate "2022.12.26"]
[EventType "swiss"]
[EventRounds "9"]
[EventCountry "KEN"]
[SourceTitle "EXT 2024"]
[Source "ChessBase"]
[SourceDate "2023.10.10"]
[SourceVersion "1"]
[SourceVersionDate "2023.10.10"]
[SourceQuality "1"]

1. e4 c5 2. Nf3 g6 3. d4 cxd4 4. Nxd4 Bg7 5. Nc3 Nc6 6. Be3 Nf6 7. Qd2 Ng4 8. Nb3 Nxe3 9. Qxe3 a6 10. 0-0-0 0-0 11. f4 b5 12. h4 e6 13. g4 b4 14. Na4 d5 15. Qb6 Qe8 16. exd5 exd5 17. Bh3 Rb8 18. Qf2 d4 19. Rde1 Ne7 20. Nac5 Qd8 21. g5 Nf5 22. Bxf5 Bxf5 23. Nxa6 Rb6 24. Qf1 Qd6 25. Nac5 Rc8 26. h5 Rcc6 27. h6 Bh8 28. Re5 d3 29. Rh2 dxc2 30. Rxc2 Qc7 31. Ne4 Bxe4 32. Rxe4 Rxc2+ 0-1

[Event "KEN-ch (Women)"]
[White "Njeri, Maureen Kirigo"]
[Black "Ndirangu, Joyce Nyaruai"]
[Site "Nairobi"]
[Round "1"]
[Result "1/2-1/2"]
[Date "2022.12.26"]
[WhiteElo "1097"]
[BlackElo "1699"]
[PlyCount "79"]
[EventDate "2022.12.26"]
[EventType "swiss"]
[EventRounds "9"]
[EventCountry "KEN"]
[SourceTitle "EXT 2024"]
[Source "ChessBase"]
[SourceDate "2023.10.10"]
[SourceVersion "1"]
[SourceVersionDate "2023.10.10"]
[SourceQuality "1"]

1. d4 Nf6 2. c4 g6 3. Nc3 d5 4. cxd5 Nxd5 5. e4 Nxc3 6. bxc3 Bg7 7. Nf3 0-0 8. Bc4 c5 9. h3 Nc6 10. Be3 Qa5 11. Bd2 b5 12. Be2 Rd8 13. e5 a6 14. a3 Bb7 15. 0-0 Qb6 16. Be3 Nxe5 17. dxc5 Rxd1 18. cxb6 Rxa1 19. Rxa1 Nxf3+ 20. Bxf3 Bxf3 21. gxf3 Kf8 22. Rc1 Be5 23. c4 Rc8 24. c5 Rc6 25. Rc2 Ke8 26. Rd2 f6 27. Kf1 g5 28. Rd5 Bb8 29. Ke2 e6 30. Rd3 h6 31. Kd2 f5 32. Kc3 f4 33. Bd2 Rxc5+ 34. Kb4 Rc4+ 35. Kb3 Rc6 36. Ba5 Rd6 37. Rc3 Kd7 38. b7 Rc6 39. Rd3+ Rd6 40. Rc3 1/2-1/2

[Event "Africa-ch U2300 (Women)"]
[White "Ndirangu, Joyce Nyaruai"]
[Black "Takali, Milly"]
[Site "Mombasa"]
[Round "7"]
[Result "1-0"]
[Date "2022.12.02"]
[WhiteElo "1679"]
[BlackElo "1482"]
[PlyCount "24"]
[EventDate "2022.11.27"]
[EventType "swiss"]
[EventRounds "9"]
[EventCountry "KEN"]
[SourceTitle "EXT 2024"]
[Source "ChessBase"]
[SourceDate "2023.10.10"]
[SourceVersion "1"]
[SourceVersionDate "2023.10.10"]
[SourceQuality "1"]

1. d4 Nf6 2. Nf3 g6 3. c4 Bg7 4. Nc3 b6 5. Bf4 Bb7 6. e3 d6 7. Be2 Nh5 8. Bg5 f6 9. Bh4 Bh6 10. Rc1 0-0 11. d5 a6 12. Nd4 Kh8 1-0

[Event "Africa-ch U2300 (Women)"]
[White "Ndirangu, Joyce Nyaruai"]
[Black "Ndegwa, Concillia Awuor"]
[Site "Mombasa"]
[Round "2"]
[Result "1-0"]
[Date "2022.11.28"]
[WhiteElo "1679"]
[BlackElo "1335"]
[PlyCount "53"]
[EventDate "2022.11.27"]
[EventType "swiss"]
[EventRounds "9"]
[EventCountry "KEN"]
[SourceTitle "EXT 2024"]
[Source "ChessBase"]
[SourceDate "2023.10.10"]
[SourceVersion "1"]
[SourceVersionDate "2023.10.10"]
[SourceQuality "1"]

1. d4 Nf6 2. Bf4 g6 3. Nf3 Bg7 4. e3 d6 5. Be2 0-0 6. c4 c6 7. Nc3 Bg4 8. Qd2 Nbd7 9. e4 Bxf3 10. Bxf3 e5 11. dxe5 Nxe5 12. Be2 Qe7 13. 0-0-0 Rfd8 14. g4 a5 15. h4 Nexg4 16. Bxg4 Nxg4 17. Bxd6 Qe6 18. Kb1 Bf8 19. c5 b6 20. Qf4 bxc5 21. Bxf8 Rxf8 22. h5 f5 23. hxg6 hxg6 24. Rd6 Qe8 25. Qg5 Kg7 26. f3 Qe5 27. Qxg6# 1-0

[Event "Olympiad Women-44"]
[White "Ndirangu, Joyce Nyaruai"]
[Black "Coro, Soledad"]
[Site "Chennai"]
[Round "6.4"]
[Result "1-0"]
[Date "2022.08.03"]
[WhiteElo "1679"]
[BlackElo "1623"]
[PlyCount "59"]
[EventDate "2022.07.29"]
[EventType "team-swiss"]
[EventRounds "11"]
[EventCountry "IND"]
[SourceTitle "CBM 210"]
[Source "ChessBase"]
[SourceDate "2022.10.31"]
[SourceVersion "1"]
[SourceVersionDate "2022.10.31"]
[SourceQuality "1"]
[WhiteTeam "Kenya (W)"]
[BlackTeam "Bolivia (W)"]
[WhiteTeamCountry "KEN"]
[BlackTeamCountry "BOL"]

1. d4 Nf6 2. Nf3 e6 3. Bf4 c5 4. e3 b6 5. Nc3 a6 6. h3 Bb7 7. Be2 Be7 8. 0-0 0-0 9. Na4 d5 10. c4 Nbd7 11. dxc5 bxc5 12. Rc1 h6 13. b3 Ne4 14. Ne5 Nxe5 15. Bxe5 f6 16. Bb2 Rc8 17. Nc3 f5 18. Bd3 Qc7 19. cxd5 exd5 20. Ne2 Bd6 21. Nd4 Qd7 22. Nf3 Qe7 23. Qe2 a5 24. Nh2 Qc7 25. Nf3 Qe7 26. Rfd1 Bb8 27. Ba6 Bxa6 28. Qxa6 Qd8 29. Qe6+ Kh8 30. Qxh6+ 1-0

[Event "KEN-ch (Women)"]
[White "Cherono, Mercy"]
[Black "Ndirangu, Joyce Nyaruai"]
[Site "Nairobi"]
[Round "1"]
[Result "0-1"]
[Date "2021.12.26"]
[WhiteElo "1139"]
[BlackElo "1675"]
[PlyCount "23"]
[EventDate "2021.12.26"]
[EventType "swiss"]
[EventRounds "9"]
[EventCountry "KEN"]
[SourceTitle "EXT 2023"]
[Source "ChessBase"]
[SourceDate "2022.10.05"]
[SourceVersion "1"]
[SourceVersionDate "2022.10.05"]
[SourceQuality "1"]

1. d4 Nf6 2. Bf4 e6 3. Nf3 b6 4. e3 Bb7 5. Nbd2 Be7 6. Bd3 0-0 7. 0-0 d6 8. c4 Nbd7 9. Qc2 c5 10. Ne4 Nxe4 11. Bxe4 Bxe4 12. Qxe4 0-1

[Event "Titled Tuesday intern op 16th Nov"]
[White "Shapiro, Daniel E"]
[Black "Ndirangu, Joyce Nyaruai"]
[Site "Chess.com INT"]
[Round "3"]
[Result "1-0"]
[Date "2021.11.16"]
[WhiteElo "2284"]
[BlackElo "1671"]
[PlyCount "49"]
[EventDate "2021.11.16"]
[EventType "swiss (blitz)"]
[EventRounds "11"]
[EventCountry "USA"]
[SourceTitle "CBM 205 Extra"]
[Source "ChessBase"]
[SourceDate "2022.01.31"]
[SourceVersion "1"]
[SourceVersionDate "2022.01.31"]
[SourceQuality "1"]

1. d4 d5 2. c4 Nf6 3. cxd5 Nxd5 4. Nf3 g6 5. e4 Nf6 6. Nc3 Bg7 7. h3 0-0 8. Bc4 b6 9. 0-0 Ba6 10. Qe2 Bxc4 11. Qxc4 Nbd7 12. Bf4 c5 13. d5 a6 14. a4 Ne8 15. e5 Nc7 16. Rad1 Qc8 17. Rfe1 Re8 18. Ng5 b5 19. axb5 axb5 20. Nxb5 Nxb5 21. Qxb5 Rb8 22. Qe2 Rb4 23. g3 Qb7 24. e6 fxe6 25. Qxe6+ 1-0

[Event "Online Olym Div3 B"]
[White "Rodriguez Guevara, Celia M"]
[Black "Ndirangu, Joyce Nyaruai"]
[Site "Chess.com INT"]
[Round "5.2"]
[Result "0-1"]
[Date "2021.08.28"]
[WhiteElo "1849"]
[BlackElo "1647"]
[PlyCount "46"]
[EventDate "2021.08.27"]
[EventType "team-tourn (rapid)"]
[EventRounds "9"]
[EventCountry "USA"]
[SourceTitle "CBM 204 Extra"]
[Source "ChessBase"]
[SourceDate "2021.11.30"]
[SourceVersion "1"]
[SourceVersionDate "2021.11.30"]
[SourceQuality "1"]
[WhiteTeam "Kap Verde"]
[BlackTeam "Kenya"]
[WhiteTeamCountry "KAP"]
[BlackTeamCountry "KEN"]

1. e4 c5 2. g3 Nc6 3. Bg2 d6 4. Nf3 g6 5. d4 cxd4 6. Nxd4 Bg7 7. c3 Bd7 8. Be3 Nf6 9. 0-0 0-0 10. Qd2 Ng4 11. Nxc6 Bxc6 12. Bd4 e5 13. Be3 Nxe3 14. Qxe3 f5 15. Nd2 Qf6 16. Rad1 a6 17. b3 Rad8 18. a4 d5 19. exd5 Bxd5 20. c4 Bxg2 21. Kxg2 Qc6+ 22. Nf3 e4 23. Ne1 Rxd1 0-1